Biele Karpaty : Povážský Inovec : turistická mapa 1:40 000 /

Korporativní autor: SHOCart (firma)
Jazyk: Slovenština
Vydáno: Zádveřice : SHOCart, 2019
Edice: Turistické mapy 1:40 000 (SHOCart)
Témata:
Fyzický popis: 1 mapa : barevná, obě strany ; 102 x 126 cm, na listu 96 x 66 cm, složeno na 17 x 11 cm
Mapy
Uloženo v:
LEADER 01944nem a2200469 i 4500
001 nkc20203173950
003 CZ PrNK
005 20230719165643.0
007 aj canzn
008 200211s2019 xr ag a 0 slo
015 |a cnb003173950 
020 |a 978-80-7224-823-0  |z 978-80-7224-766-0 
034 1 |a a  |b 40000  |d E0172710  |e E0181218  |f N0485720  |g N0483333 
040 |a ABA001  |b cze  |e rda 
043 |a e-xr---  |b e-xr-mr  |a e-xo---  |2 czenas 
072 7 |a 913(437)  |x Geografie Česka a Slovenska, reálie, cestování  |2 Konspekt  |9 7 
072 7 |a 912  |x Mapy. Atlasy. Glóby  |2 Konspekt  |9 7 
080 |a 796.51  |2 MRF 
080 |a 913(437.32-11)  |2 MRF 
080 |a 913(437.6)  |2 MRF 
080 |a (234.372.4)  |2 MRF 
080 |a (084.3)796.5  |2 MRF 
110 2 |a SHOCart (firma)  |7 ko2001100207  |4 ctg 
245 1 0 |a Biele Karpaty :  |b Povážský Inovec : turistická mapa 1:40 000 /  |c vydal a spracoval SHOCart, spol. s r.o. 
246 1 |i Název v tiráži:  |a Biele Karpaty, Povážský Inovec 
255 |a Měřítko 1:40 000  |c (E 17°27'10"--E 18°12'18"/N 48°57'20"--N 48°33'33") 
264 1 |a Zádveřice :  |b SHOCart,  |c 2019 
300 |a 1 mapa :  |b barevná, obě strany ;  |c 102 x 126 cm, na listu 96 x 66 cm, složeno na 17 x 11 cm 
336 |a kartografický obraz  |b cri  |2 rdacontent 
337 |a bez média  |b n  |2 rdamedia 
338 |a list  |b nb  |2 rdacarrier 
490 1 |a Turistické mapy 1:40 000 ;  |v 481 
500 |a Název z obálky 
650 0 7 |a pěší turistika  |7 ph124864  |z Slovensko  |2 czenas 
651 7 |a Bílé Karpaty (Česko a Slovensko : pohoří : oblast)  |7 ge930796  |2 czenas 
651 7 |a Považský Inovec (Slovensko : pohoří)  |7 ge130497  |2 czenas 
655 7 |a turistické mapy  |7 fd133737  |2 czenas 
830 0 |a Turistické mapy 1:40 000 (SHOCart)  |0 s 
910 2 |a BOA001  |b Mp2-1445.825 
990 |a MP 
995 |a 01 
996 6 |b 2610819471  |c Mp2-1445.825  |l MZK  |r Sklad / do 1 hodiny  |n 2  |p p.v.  |w 001793830  |u 000010  |a 1  |e BOA001  |j MZK50  |s P